The eclogues of Vergil
Uloženo v:
| Hlavní autor: | |
|---|---|
| Médium: | Kniha |
| Jazyk: | angličtina |
| Vydáno: |
Berkeley
University of California Press
1942
|
| Vydání: | 1a. ed |
| Edice: | Sather Classical Lectures, 16
|
| Témata: | |
| Tagy: |
Přidat tag
Žádné tagy, Buďte první, kdo vytvoří štítek k tomuto záznamu!
|
MARC
| LEADER | 00000cam a2200000 a 4500 | ||
|---|---|---|---|
| 001 | UCD7556 | ||
| 003 | CL-VaPUC | ||
| 008 | 170331e19420000us |||||||||||||||||eng|d | ||
| 082 | 0 | 4 | |a 873.1 |b ROS |2 21 |
| 100 | 0 | |a Rose, Herbert Jennings |e author |9 591561 | |
| 245 | 1 | 4 | |a The eclogues of Vergil |
| 250 | |a 1a. ed | ||
| 300 | |a 276 p | ||
| 942 | |c BK | ||
| 945 | |d 20170331 00:58:00 |a dcastane | ||
| 260 | |a Berkeley |b University of California Press |c 1942 | ||
| 600 | 0 | 7 | |a VIRGILIO |2 CL-VaPUC |9 266332 |
| 650 | 0 | |a Poesía latina |9 341307 | |
| 650 | 0 | |a Historia y crítica |9 257407 | |
| 583 | |a last modification |c 20170331 00:58:00 |k Rodrigo Vera | ||
| 490 | 0 | |a Sather Classical Lectures, 16 | |
| 999 | |c 367538 |d 367536 | ||
| 952 | |0 0 |1 0 |3 erd |4 0 |6 873_100000000000000_ROS_1942 |7 0 |8 A |9 482484 |a BIBART |b BIBART |i 5239540 |o 873.1 ROS 1942 |p 5239540 |r 2025-03-13 |w 2019-11-24 |y BK |z Catalogado en:20170331 |k ART | ||